000 00609nam a2200241 a 4500
001 nice12345678
003 IN_TiNIC
005 20260116014347.0
008 100412s2006 seca grp 000 0 eng
020 _a9798173625168
_c549
082 0 0 _a230.025
_bGUT
100 _aGuthrie, Donald
245 _aNew Testament Theology
260 _aSec-Bad
_bAuthentic Books
_c2006
300 _a1064p
500 _aincludes index and biblioraphy
505 2 _aBibliography, Indices
650 _aTheology-New Testament
700 1 _aGuthrie, Donald
902 _bSRS
942 _cBK
999 _c14975
_d14975